[Event "POL-ch Seniors"]
[Site "Szklarska Poreba"]
[Date "2022.05.20"]
[Round "9"]
[White "Klementys, Jerzy"]
[Black "Chmielowski, Aleksander"]
[Result "0-1"]
[WhiteElo "1614"]
[BlackElo "1385"]
[PlyCount "86"]
[EventDate "2022.05.13"]
[EventType "swiss"]
[EventRounds "9"]
[EventCountry "POL"]
[SourceTitle "EXT 2024"]
[Source "ChessBase"]
[SourceDate "2023.10.10"]
[SourceVersion "1"]
[SourceVersionDate "2023.10.10"]
[SourceQuality "1"]

1. d4 e6 2. c4 f5 3. g3 Nf6 4. Bg2 d5 5. Nf3 c6 6. Nbd2 Bd6 7. 0-0 0-0 8. b3 Qe7 9. Bb2 Ne4 10. Ne5 Nd7 11. f3 Nxd2 12. Qxd2 Nf6 13. c5 Bc7 14. b4 Bd7 15. a4 a6 16. Ba3 Kh8 17. Qd3 Be8 18. Rfb1 Bxe5 19. dxe5 Nd7 20. f4 g5 21. e3 Rg8 22. Qc3 Bh5 23. b5 axb5 24. axb5 Be2 25. bxc6 bxc6 26. Bf1 Bf3 27. Rb7 Be4 28. Bb4 Rxa1 29. Qxa1 gxf4 30. exf4 Qh4 31. Qa3 Nf8 32. Rf7 Qh5 33. Rc7 Ng6 34. Bd2 Nh4 35. Kf2 Nf3 36. Ke3 Qxh2 37. Bc3 Qxg3 38. Qa7 Qg1+ 39. Ke2 Bd3+ 40. Kxd3 Qxf1+ 41. Kc2 Rg2+ 42. Kb3 Qc4+ 43. Ka3 Ra2# 0-1

[Event "POL-ch Seniors"]
[Site "Szklarska Poreba"]
[Date "2022.05.19"]
[Round "8"]
[White "Hemmerling, Jaroslaw"]
[Black "Klementys, Jerzy"]
[Result "1-0"]
[WhiteElo "1901"]
[BlackElo "1614"]
[PlyCount "47"]
[EventDate "2022.05.13"]
[EventType "swiss"]
[EventRounds "9"]
[EventCountry "POL"]
[SourceTitle "EXT 2024"]
[Source "ChessBase"]
[SourceDate "2023.10.10"]
[SourceVersion "1"]
[SourceVersionDate "2023.10.10"]
[SourceQuality "1"]

1. e4 c5 2. Nf3 d6 3. d4 cxd4 4. Nxd4 Nf6 5. Nc3 a6 6. Bg5 e6 7. f4 Nbd7 8. Qf3 Be7 9. 0-0-0 Qc7 10. g4 h6 11. Bxf6 Bxf6 12. Kb1 b5 13. Bxb5 axb5 14. Ndxb5 Qa5 15. Nxd6+ Ke7 16. e5 Bh4 17. Rd4 Ba6 18. Rhd1 Rhd8 19. Nb7 Qb6 20. Nxd8 Rxd8 21. Ne4 Bb7 22. Qa3+ Ke8 23. Nd6+ Kf8 24. Nc8+ 1-0

[Event "POL-ch Seniors"]
[Site "Szklarska Poreba"]
[Date "2022.05.15"]
[Round "3"]
[White "Klementys, Jerzy"]
[Black "Flis, Pawel"]
[Result "1/2-1/2"]
[WhiteElo "1614"]
[BlackElo "1913"]
[PlyCount "60"]
[EventDate "2022.05.13"]
[EventType "swiss"]
[EventRounds "9"]
[EventCountry "POL"]
[SourceTitle "EXT 2024"]
[Source "ChessBase"]
[SourceDate "2023.10.10"]
[SourceVersion "1"]
[SourceVersionDate "2023.10.10"]
[SourceQuality "1"]

1. d4 Nf6 2. c4 c5 3. d5 b5 4. cxb5 a6 5. bxa6 Bxa6 6. Nc3 g6 7. e4 Bxf1 8. Kxf1 d6 9. g3 Bg7 10. Kg2 Nbd7 11. Nf3 0-0 12. Qe2 Qb6 13. Re1 Qa6 14. a4 Ng4 15. Bg5 h6 16. Bd2 Rfb8 17. Qxa6 Rxa6 18. Rab1 c4 19. Red1 Kh7 20. Be1 Nc5 21. Nd4 Nxa4 22. Nxa4 Rxa4 23. Bc3 Ra2 24. Nc6 Rb7 25. Bxg7 Kxg7 26. h3 Nf6 27. Rd4 Kf8 28. Rxc4 Rbxb2 29. Rxb2 Rxb2 30. Ra4 Rb7 1/2-1/2

[Event "Krakow Winter op-A"]
[Site "Krakow"]
[Date "2022.01.18"]
[Round "7"]
[White "Trybus, Daniel"]
[Black "Klementys, Jerzy"]
[Result "1-0"]
[WhiteElo "2039"]
[BlackElo "1561"]
[PlyCount "53"]
[EventDate "2022.01.15"]
[EventType "swiss"]
[EventRounds "9"]
[EventCountry "POL"]
[SourceTitle "CBM 206 Extra"]
[Source "ChessBase"]
[SourceDate "2022.03.31"]
[SourceVersion "1"]
[SourceVersionDate "2022.03.31"]
[SourceQuality "1"]

1. e4 c5 2. Nf3 d6 3. d4 cxd4 4. Nxd4 Nf6 5. Nc3 a6 6. f3 e5 7. Nb3 Be6 8. Be3 Nbd7 9. g4 h6 10. Qd2 Be7 11. 0-0-0 b5 12. Kb1 Nb6 13. Qf2 Nc4 14. Bxc4 bxc4 15. Nc5 Qc7 16. Nxe6 fxe6 17. h4 h5 18. gxh5 Nxh5 19. Qg2 Rb8 20. Qg6+ Kd7 21. Na4 Rb5 22. Qf7 Qa5 23. Rxd6+ Kxd6 24. Rd1+ Kc6 25. Qxe6+ Kb7 26. Rd7+ Kb8 27. Ba7+ 1-0

[Event "EU-ch Rapid"]
[Site "Katowice"]
[Date "2021.12.18"]
[Round "1"]
[White "Motylev, Alexander"]
[Black "Klementys, Jerzy"]
[Result "1-0"]
[WhiteElo "2633"]
[BlackElo "1564"]
[PlyCount "49"]
[EventDate "2021.12.18"]
[EventType "swiss (rapid)"]
[EventRounds "11"]
[EventCountry "POL"]
[SourceTitle "CBM 205 Extra"]
[Source "ChessBase"]
[SourceDate "2022.01.31"]
[SourceVersion "1"]
[SourceVersionDate "2022.01.31"]
[SourceQuality "1"]

1. e4 c5 2. Nc3 Nc6 3. Bb5 Nd4 4. Bc4 e6 5. Nf3 Nxf3+ 6. Qxf3 d6 7. 0-0 Nf6 8. Rd1 a6 9. d4 cxd4 10. Rxd4 Qc7 11. Bb3 Be7 12. Qg3 e5 13. Qxg7 Rf8 14. Nd5 Nxd5 15. Rxd5 Be6 16. Rd3 Bxb3 17. Rxb3 Qxc2 18. Qg4 Qc6 19. Bh6 b5 20. Bxf8 Bxf8 21. Rc3 Qb6 22. Rac1 Rd8 23. Rc8 Qb7 24. R1c7 Rxc8 25. Qd7# 1-0

[Event "Dobczyce Dominik Memorial 27th"]
[Site "Dobczyce"]
[Date "2019.07.06"]
[Round "2"]
[White "Klementys, Jerzy"]
[Black "Krawczyk, Wojciech"]
[Result "0-1"]
[WhiteElo "1656"]
[BlackElo "1780"]
[PlyCount "56"]
[EventDate "2019.07.05"]
[EventType "swiss"]
[EventRounds "9"]
[EventCountry "POL"]
[SourceTitle "EXT 2020"]
[Source "ChessBase"]
[SourceDate "2019.10.17"]
[SourceVersion "1"]
[SourceVersionDate "2019.10.17"]
[SourceQuality "1"]

1. d4 Nf6 2. c4 e6 3. Nc3 Bb4 4. Nf3 h6 5. e3 c5 6. Bd3 0-0 7. 0-0 cxd4 8. exd4 d5 9. a3 dxc4 10. Bxc4 Bxc3 11. bxc3 Qc7 12. Qe2 Nc6 13. Bb2 b6 14. Rac1 Bb7 15. Ba2 Rac8 16. Rfd1 Na5 17. Ne5 Nd7 18. f4 Nxe5 19. fxe5 Nc4 20. Bxc4 Qxc4 21. Qxc4 Rxc4 22. Rd3 Rd8 23. g4 Be4 24. Rg3 Rd5 25. Rf1 Rb5 26. Rf2 Rb3 27. h4 Rxd4 28. Re3 Bd5 0-1

[Event "Malopolska Region-chB"]
[Site "Krakow"]
[Date "2019.06.22"]
[Round "6"]
[White "Krawczyk, Wojciech"]
[Black "Klementys, Jerzy"]
[Result "1/2-1/2"]
[WhiteElo "1840"]
[BlackElo "1649"]
[PlyCount "82"]
[EventDate "2019.06.20"]
[EventType "swiss"]
[EventRounds "7"]
[EventCountry "POL"]
[SourceTitle "EXT 2020"]
[Source "ChessBase"]
[SourceDate "2019.10.17"]
[SourceVersion "1"]
[SourceVersionDate "2019.10.17"]
[SourceQuality "1"]

1. d4 Nf6 2. c4 g6 3. Nc3 d5 4. e3 Bg7 5. Nf3 0-0 6. Bd2 c5 7. cxd5 cxd4 8. Nxd4 Nxd5 9. Nxd5 Qxd5 10. Bc3 Nc6 11. Nb5 Qxd1+ 12. Rxd1 Bxc3+ 13. Nxc3 Be6 14. Be2 Rfd8 15. 0-0 Rxd1 16. Rxd1 Rd8 17. Rxd8+ Nxd8 18. Bf3 Kf8 19. Kf1 Bd7 20. Bd5 e6 21. Bc4 Ke7 22. Ke2 a6 23. a3 b5 24. Bd3 Bc6 25. g3 Nb7 26. b4 Nd6 27. f4 f5 28. Kd2 Kf6 29. Be2 Ne4+ 30. Nxe4+ Bxe4 31. Kc3 e5 32. h4 h6 33. a4 Bc6 34. axb5 axb5 35. g4 g5 36. hxg5+ hxg5 37. fxg5+ Kxg5 38. gxf5 Kxf5 39. Bf1 Ke6 40. Be2 Kd6 41. Bg4 Be8 1/2-1/2

[Event "Gibraltar Masters 16th"]
[Site "Caleta"]
[Date "2018.01.23"]
[Round "1"]
[White "Klementys, Jerzy"]
[Black "Stark, Lars"]
[Result "0-1"]
[WhiteElo "1739"]
[BlackElo "2381"]
[PlyCount "120"]
[EventDate "2018.01.23"]
[EventType "swiss"]
[EventRounds "10"]
[EventCountry "GGB"]
[SourceTitle "CBM 183"]
[Source "ChessBase"]
[SourceDate "2018.03.14"]
[SourceVersion "1"]
[SourceVersionDate "2018.03.14"]
[SourceQuality "1"]

1. d4 Nf6 2. c4 c5 3. d5 e5 4. Nc3 d6 5. e4 Be7 6. h3 h5 7. Nf3 h4 8. Be2 Nbd7 9. Be3 Nf8 10. Qd2 Ng6 11. a3 a5 12. a4 Nh5 13. 0-0-0 Ngf4 14. Rhg1 Bd7 15. Nh2 Nxe2+ 16. Qxe2 Bg5 17. Bxg5 Qxg5+ 18. Qd2 Nf4 19. f3 Rh6 20. Ng4 Rg6 21. b3 b6 22. Kb2 Ke7 23. Ne2 Nh5 24. Qxg5+ Rxg5 25. Ne3 Rh8 26. Rdf1 Ng3 27. Nxg3 Rxg3 28. Kc1 g6 29. Kd2 Rh7 30. Rh1 f5 31. Rf2 Rf7 32. Rhf1 fxe4 33. fxe4 Rxf2+ 34. Rxf2 g5 35. Ke2 g4 36. hxg4 Bxg4+ 37. Kd2 Bd7 38. Ke2 Rg7 39. Rf3 Bg4 40. Nf5+ Bxf5 41. Rxf5 Rxg2+ 42. Kf1 Rg4 43. Rh5 Kf6 44. Rh6+ Kg5 45. Rxd6 h3 46. Rd8 h2 47. Rh8 Rg1+ 48. Kf2 h1Q 49. Rg8+ Kf6 50. Rxg1 Qxe4 51. Rg3 Qc2+ 52. Ke1 e4 53. Re3 Ke5 54. Kf1 Qd1+ 55. Kf2 Qd4 56. Ke2 Kf4 57. Rh3 Qg1 58. Rh4+ Ke5 59. Rh5+ Kd4 60. Rh8 Qg2+ 0-1

[Event "Krakow Europejski op"]
[Site "Krakow"]
[Date "2016.05.03"]
[Round "4"]
[White "Kochev, Igor"]
[Black "Klementys, Jerzy"]
[Result "0-1"]
[WhiteElo "1730"]
[BlackElo "1670"]
[PlyCount "110"]
[EventDate "2016.05.01"]
[EventType "swiss"]
[EventRounds "9"]
[EventCountry "POL"]
[SourceTitle "EXT 2018"]
[Source "ChessBase"]
[SourceDate "2017.10.13"]
[SourceVersion "1"]
[SourceVersionDate "2017.10.13"]
[SourceQuality "1"]

1. e4 c5 2. Nf3 d6 3. Bb5+ Bd7 4. Bxd7+ Qxd7 5. d4 cxd4 6. Nxd4 Nc6 7. Nc3 Nf6 8. Be3 g6 9. f3 Bg7 10. 0-0 0-0 11. Qd2 Rfc8 12. Rad1 Nxd4 13. Bxd4 Qc6 14. Rf2 e6 15. Bxf6 Bxf6 16. Qxd6 Bxc3 17. Qxc6 Rxc6 18. bxc3 Rxc3 19. Rd7 b6 20. Rfd2 a5 21. R7d6 Rac8 22. Rxb6 Rxc2 23. Rbd6 Rxd2 24. Rxd2 Kf8 25. Kf2 Ke7 26. Ke3 h5 27. h4 Rc7 28. g4 Rc1 29. Kf4 Rh1 30. Kg5 hxg4 31. fxg4 f6+ 32. Kxg6 Rxh4 33. Rg2 a4 34. e5 fxe5 35. Kg7 e4 36. g5 e3 37. Re2 Rh3 38. g6 e5 39. Kg8 Kf6 40. Rg2 e2 41. Rxe2 Kxg6 42. Rxe5 Rh2 43. Ra5 Rxa2 44. Ra6+ Kf5 45. Kf7 Ke5 46. Ra5+ Kd4 47. Rh5 Rf2+ 48. Ke6 a3 49. Ra5 a2 50. Ra3 Kc4 51. Ke7 Kb4 52. Ra8 Kb3 53. Rb8+ Kc2 54. Rc8+ Kb1 55. Rb8+ Rb2 0-1

[Event "Krakow Malopolski-chA"]
[Site "Krakow"]
[Date "2014.05.03"]
[Round "8"]
[White "Ociepka, Tomasz"]
[Black "Klementys, Jerzy"]
[Result "1-0"]
[WhiteElo "1867"]
[BlackElo "1727"]
[PlyCount "65"]
[EventDate "2014.04.27"]
[EventType "swiss"]
[EventRounds "9"]
[EventCountry "POL"]
[SourceTitle "CBM 160 Extra"]
[Source "ChessBase"]
[SourceDate "2014.07.01"]
[SourceVersion "1"]
[SourceVersionDate "2014.07.01"]
[SourceQuality "1"]

1. e4 c5 2. Nf3 d6 3. d4 cxd4 4. Nxd4 Nf6 5. Nc3 a6 6. Bc4 e6 7. Bb3 Be7 8. g4 h6 9. Rg1 b5 10. a3 Bd7 11. h4 g6 12. Be3 e5 13. g5 hxg5 14. hxg5 Ng4 15. Qf3 Rf8 16. Nde2 Nxe3 17. Qxe3 Nc6 18. Nd5 Rc8 19. Nxe7 Kxe7 20. 0-0-0 Na5 21. Ba2 Nc4 22. Bxc4 Rxc4 23. Nc3 Qb8 24. f4 Rfc8 25. fxe5 dxe5 26. Nd5+ Kf8 27. Nb6 Rxc2+ 28. Kb1 Be6 29. Nxc8 Qxc8 30. Rh1 Qc4 31. Qf3 f5 32. gxf6 Re2 33. Rd8+ 1-0

[Event "Krakow Malopolski-chA"]
[Site "Krakow"]
[Date "2014.05.01"]
[Round "5"]
[White "Szczurek, Krzysztof"]
[Black "Klementys, Jerzy"]
[Result "1-0"]
[WhiteElo "1775"]
[BlackElo "1727"]
[PlyCount "69"]
[EventDate "2014.04.27"]
[EventType "swiss"]
[EventRounds "9"]
[EventCountry "POL"]
[SourceTitle "CBM 160 Extra"]
[Source "ChessBase"]
[SourceDate "2014.07.01"]
[SourceVersion "1"]
[SourceVersionDate "2014.07.01"]
[SourceQuality "1"]

1. e4 c5 2. c3 Nf6 3. e5 Nd5 4. d4 cxd4 5. Qxd4 e6 6. Nf3 Nc6 7. Qe4 d6 8. Bb5 Qb6 9. Bc4 Nce7 10. 0-0 dxe5 11. Nxe5 Nf6 12. Qe2 a6 13. Be3 Qc7 14. Bg5 Ned5 15. Rd1 Bd6 16. Bxd5 Nxd5 17. Rxd5 Bxe5 18. Rd8+ Qxd8 19. Bxd8 Bxh2+ 20. Kxh2 Kxd8 21. Na3 Ke7 22. Rd1 Bd7 23. Qd2 Rhd8 24. Qg5+ Kf8 25. Nc4 h6 26. Qf4 Bc6 27. Rxd8+ Rxd8 28. Ne5 f6 29. Nxc6 bxc6 30. Qb4+ Kf7 31. Qb7+ Kg6 32. Qxc6 Rd2 33. Qxe6 Rxb2 34. Qxa6 Rxf2 35. c4 1-0